[Event "Kiel op 30th"]
[Site "Kiel"]
[Date "2017.08.04"]
[Round "9.17"]
[White "Haffner, Alexander"]
[Black "Hartwig, Frank"]
[Result "1/2-1/2"]
[WhiteElo "2113"]
[BlackElo "1984"]
[PlyCount "153"]
[EventDate "2017.07.29"]
[EventType "swiss"]
[EventRounds "9"]
[EventCountry "GER"]
[SourceTitle "EXT 2018"]
[Source "ChessBase"]
[SourceDate "2017.10.13"]
[SourceVersion "1"]
[SourceVersionDate "2017.10.13"]
[SourceQuality "1"]

1. d4 e6 2. Nf3 d5 3. c4 c6 4. Nc3 Nf6 5. Bg5 Bb4 6. cxd5 exd5 7. Nd2 Nbd7 8. e3 Be7 9. Bd3 h6 10. Bf4 Nf8 11. 0-0 Ne6 12. Be5 a6 13. Rc1 0-0 14. Bb1 Re8 15. h3 Nf8 16. Nf3 N6h7 17. Ne2 Bf6 18. Ng3 Ng5 19. Bxf6 Qxf6 20. Ne5 Qd8 21. Qh5 Qe7 22. f4 Ngh7 23. Rce1 Nf6 24. Qd1 Qb4 25. Qc2 Ne4 26. Nxe4 dxe4 27. a3 Qb6 28. f5 Nh7 29. Ba2 Rf8 30. Qxe4 Qxb2 31. Bc4 Qc3 32. Rc1 Nf6 33. Qf4 Qxa3 34. Ng4 Nxg4 35. hxg4 Re8 36. e4 b5 37. Be2 Qb2 38. Qe3 Rd8 39. Rcd1 Bd7 40. Rd2 Qb4 41. g5 hxg5 42. f6 gxf6 43. Rxf6 Qf8 44. Qxg5+ Qg7 45. Qh4 Re8 46. e5 Re6 47. Rd3 Rxf6 48. exf6 Qh7 49. Rg3+ Kh8 50. Qf4 Qb1+ 51. Bf1 Rg8 52. Rg7 Rxg7 53. Qh6+ Qh7 54. fxg7+ Kg8 55. Qd6 Kxg7 56. Qxd7 Qe4 57. Qd6 a5 58. Qg3+ Kf6 59. Qf2+ Ke7 60. g3 a4 61. Bg2 Qb1+ 62. Kh2 Qh7+ 63. Bh3 Qd3 64. Bf5 Qc3 65. Qe2+ Kd8 66. Qe5 Qd2+ 67. Kh3 Qh6+ 68. Kg4 a3 69. Qb8+ Ke7 70. Qa7+ Ke8 71. Qa8+ Ke7 72. Qxa3+ Qd6 73. Qxd6+ Kxd6 74. Kf4 b4 75. Bc2 Kd5 76. Be4+ Kd6 77. Kf5 1/2-1/2

[Event "Kiel op 30th"]
[Site "Kiel"]
[Date "2017.08.03"]
[Round "8.8"]
[White "Wichmann, Cliff"]
[Black "Haffner, Alexander"]
[Result "1-0"]
[WhiteElo "2297"]
[BlackElo "2113"]
[PlyCount "79"]
[EventDate "2017.07.29"]
[EventType "swiss"]
[EventRounds "9"]
[EventCountry "GER"]
[SourceTitle "EXT 2018"]
[Source "ChessBase"]
[SourceDate "2017.10.13"]
[SourceVersion "1"]
[SourceVersionDate "2017.10.13"]
[SourceQuality "1"]

1. d4 Nf6 2. Nf3 e6 3. g3 b6 4. Bg2 Bb7 5. c4 Bb4+ 6. Nbd2 0-0 7. 0-0 d5 8. Ne5 Nbd7 9. Nxd7 Qxd7 10. Nf3 Be7 11. Qc2 Rad8 12. Rd1 Qc8 13. c5 c6 14. b4 Nd7 15. Bf4 Rfe8 16. Rac1 Ba6 17. Bf1 Bc4 18. Nd2 b5 19. Nxc4 bxc4 20. a4 a6 21. Rb1 Bf6 22. Bd6 Be7 23. Bf4 Bf6 24. Bd6 Be7 25. Bxe7 Rxe7 26. b5 axb5 27. axb5 cxb5 28. Rxb5 Qc6 29. Ra5 Ree8 30. Bg2 Ra8 31. Rxa8 Rxa8 32. Qxc4 Nb6 33. Qb3 Nd7 34. Rb1 f5 35. e3 Rb8 36. Qc2 Rxb1+ 37. Qxb1 Nf6 38. Bf1 Ne4 39. Qb8+ Kf7 40. Bb5 1-0

[Event "Kiel op-A 29th"]
[Site "Kiel"]
[Date "2016.08.02"]
[Round "6"]
[White "Haffner, Alexander"]
[Black "Dittrich, Gunnar"]
[Result "1/2-1/2"]
[WhiteElo "2118"]
[BlackElo "1950"]
[PlyCount "86"]
[EventDate "2016.07.30"]
[EventType "swiss"]
[EventRounds "9"]
[EventCountry "GER"]
[SourceTitle "CBM 173 Extra"]
[Source "ChessBase"]
[SourceDate "2016.08.29"]
[SourceVersion "1"]
[SourceVersionDate "2016.08.29"]
[SourceQuality "1"]

1. d4 d5 2. c4 e6 3. Nc3 Nf6 4. cxd5 exd5 5. Bg5 Be7 6. e3 0-0 7. Bd3 h6 8. Bh4 b6 9. Nf3 Bb7 10. 0-0 Nbd7 11. Ne5 Ne4 12. Bxe7 Qxe7 13. Nxd7 Qxd7 14. Rc1 Rac8 15. Qe2 c5 16. dxc5 Nxc3 17. Rxc3 Rxc5 18. Qd2 Rfc8 19. Rfc1 Qg4 20. h3 Qg5 21. Bf1 Qf6 22. Qd4 Qxd4 23. exd4 Rxc3 24. Rxc3 Rxc3 25. bxc3 Kf8 26. f4 Ke7 27. Kf2 f5 28. Ke3 a6 29. Bd3 Bc8 30. a3 b5 31. Be2 g6 32. h4 h5 33. Kd2 Kd6 34. Kc2 Kc6 35. Kb3 Kb6 36. Bf3 Bb7 37. a4 Bc6 38. axb5 axb5 39. Kb4 Bb7 40. Be2 Bc6 41. Bf1 Bd7 42. g3 Bc6 43. Be2 Bd7 1/2-1/2

[Event "Kiel op-A 29th"]
[Site "Kiel"]
[Date "2016.08.01"]
[Round "5"]
[White "Richter, Ruediger"]
[Black "Haffner, Alexander"]
[Result "0-1"]
[WhiteElo "1905"]
[BlackElo "2118"]
[PlyCount "108"]
[EventDate "2016.07.30"]
[EventType "swiss"]
[EventRounds "9"]
[EventCountry "GER"]
[SourceTitle "CBM 173 Extra"]
[Source "ChessBase"]
[SourceDate "2016.08.29"]
[SourceVersion "1"]
[SourceVersionDate "2016.08.29"]
[SourceQuality "1"]

1. e4 g6 2. d4 Bg7 3. Nc3 c6 4. Bc4 d6 5. Bb3 Nf6 6. f4 0-0 7. Nf3 Bg4 8. h3 Bxf3 9. Qxf3 e6 10. 0-0 d5 11. e5 Nfd7 12. Be3 Na6 13. Ne2 c5 14. c3 cxd4 15. Nxd4 Nac5 16. Bc2 Rc8 17. Rac1 Nb6 18. Bb1 Nc4 19. Rf2 a6 20. Rcf1 b5 21. Bc1 Qe7 22. g4 Nd7 23. g5 b4 24. b3 Ncxe5 25. fxe5 Rxc3 26. Qg2 Nxe5 27. Bd2 Rc7 28. Re2 Qc5 29. Be3 Qe7 30. Rc2 Rxc2 31. Qxc2 Nd7 32. Qc7 e5 33. Nc6 Qe6 34. Kg2 d4 35. Bd2 e4 36. Bxb4 Re8 37. Qd6 Qxd6 38. Bxd6 Re6 39. Ne7+ Kh8 40. Ba3 e3 41. Nd5 Re5 42. Nf4 Rxg5+ 43. Kf3 Ne5+ 44. Ke2 Rg3 45. Bb2 g5 46. Bxd4 gxf4 47. Rxf4 Rxh3 48. Bxe5 Bxe5 49. Rxf7 Bd4 50. Bd3 Rh2+ 51. Kf1 a5 52. a4 h5 53. Be2 h4 54. Rf4 h3 0-1

[Event "Kiel op-A 29th"]
[Site "Kiel"]
[Date "2016.07.30"]
[Round "1"]
[White "Wenske, Hardy"]
[Black "Haffner, Alexander"]
[Result "0-1"]
[WhiteElo "1823"]
[BlackElo "2118"]
[PlyCount "52"]
[EventDate "2016.07.30"]
[EventType "swiss"]
[EventRounds "9"]
[EventCountry "GER"]
[SourceTitle "CBM 173 Extra"]
[Source "ChessBase"]
[SourceDate "2016.08.29"]
[SourceVersion "1"]
[SourceVersionDate "2016.08.29"]
[SourceQuality "1"]

1. Nf3 Nf6 2. d4 e6 3. Nbd2 d5 4. e3 c5 5. c3 Nc6 6. Bd3 Qc7 7. 0-0 Be7 8. Re1 0-0 9. h3 e5 10. Nxe5 Nxe5 11. dxe5 Qxe5 12. Nf3 Qc7 13. Qc2 Bd7 14. Bd2 Rad8 15. Rac1 Bc6 16. c4 dxc4 17. Bxc4 Bxf3 18. gxf3 Qd7 19. Bc3 Qxh3 20. Qe2 b5 21. Bxb5 Rd5 22. f4 Rh5 23. Bc6 Rh6 24. Bg2 Rg6 25. Qf1 Ne4 26. Be5 Nd2 0-1

[Event "Schleswig Holstein-ch M"]
[Site "Eckernfoerde"]
[Date "2016.03.21"]
[Round "4"]
[White "Krueger, Wolfgang"]
[Black "Haffner, Alexander"]
[Result "1/2-1/2"]
[WhiteElo "2094"]
[BlackElo "2121"]
[PlyCount "31"]
[EventDate "2016.03.19"]
[EventType "swiss"]
[EventRounds "9"]
[EventCountry "GER"]
[SourceTitle "EXT 2018"]
[Source "ChessBase"]
[SourceDate "2017.10.13"]
[SourceVersion "1"]
[SourceVersionDate "2017.10.13"]
[SourceQuality "1"]

1. Nf3 Nf6 2. g3 g6 3. Bg2 Bg7 4. 0-0 0-0 5. c4 c5 6. d4 cxd4 7. Nxd4 Nc6 8. Nc3 Nxd4 9. Qxd4 d6 10. Qd2 Rb8 11. b3 Bd7 12. Rd1 Bc6 13. Bb2 Bxg2 14. Kxg2 a6 15. Rac1 Re8 16. Nd5 1/2-1/2

[Event "Schleswig Holstein-ch M"]
[Site "Eckernfoerde"]
[Date "2016.03.20"]
[Round "2"]
[White "Hamann, Frank"]
[Black "Haffner, Alexander"]
[Result "0-1"]
[WhiteElo "2106"]
[BlackElo "2121"]
[PlyCount "46"]
[EventDate "2016.03.19"]
[EventType "swiss"]
[EventRounds "9"]
[EventCountry "GER"]
[SourceTitle "EXT 2018"]
[Source "ChessBase"]
[SourceDate "2017.10.13"]
[SourceVersion "1"]
[SourceVersionDate "2017.10.13"]
[SourceQuality "1"]

1. Nc3 g6 2. e4 Bg7 3. f4 d6 4. Nf3 a6 5. a4 c5 6. Bc4 Nc6 7. 0-0 e6 8. d3 Nge7 9. Qe1 0-0 10. f5 exf5 11. Qh4 Ne5 12. Bg5 Nxf3+ 13. Rxf3 Qb6 14. Bxe7 Qxb2 15. Raf1 Qxc3 16. Bxf8 Bxf8 17. Qd8 b5 18. axb5 axb5 19. Bb3 Qd4+ 20. Kh1 c4 21. dxc4 bxc4 22. c3 Qxe4 23. Rf4 Qxf4 0-1

[Event "Kiel op 28th"]
[Site "Kiel"]
[Date "2015.07.30"]
[Round "8"]
[White "Haffner, Alexander"]
[Black "Raddatz, Michael"]
[Result "1-0"]
[WhiteElo "2136"]
[BlackElo "2011"]
[PlyCount "121"]
[EventDate "2015.07.25"]
[EventType "swiss"]
[EventRounds "9"]
[EventCountry "GER"]
[SourceTitle "CBM 167 Extra"]
[Source "ChessBase"]
[SourceDate "2015.09.14"]
[SourceVersion "1"]
[SourceVersionDate "2015.09.14"]
[SourceQuality "1"]

1. d4 Nf6 2. c4 e6 3. Nf3 b6 4. a3 Bb7 5. Nc3 d5 6. cxd5 exd5 7. Bg5 Be7 8. Bxf6 Bxf6 9. e3 0-0 10. Bd3 Re8 11. 0-0 Nd7 12. Rc1 a6 13. b4 g6 14. b5 a5 15. Qb3 Be7 16. a4 Nf6 17. Ne5 Bd6 18. f4 Qe7 19. Rf3 Rad8 20. Rcf1 Rf8 21. Qc2 Ne8 22. Rg3 Ng7 23. Rh3 Bxe5 24. fxe5 Bc8 25. Rhf3 Nh5 26. h3 Be6 27. g4 Ng7 28. Rf6 Qd7 29. Qg2 Qe7 30. Rc1 Qd7 31. Be2 Qe7 32. Rff1 Qg5 33. Nd1 Rd7 34. Kh2 Ne8 35. Qg3 Qe7 36. Nc3 Qg5 37. Qf4 Qe7 38. Qg3 Qg5 39. Rf4 Qe7 40. Bd3 Qa3 41. Rff1 Qe7 42. Ne2 Ng7 43. Nc3 Rdd8 44. Ne2 Rd7 45. Nf4 Qg5 46. Rc6 Qe7 47. h4 Kh8 48. Rfc1 Rc8 49. Rg1 Rdd8 50. Qf2 Rf8 51. h5 g5 52. Nh3 f6 53. exf6 Rxf6 54. Qg3 h6 55. Rgc1 Ne8 56. Qe5 Qf7 57. Rf1 Kg8 58. Bg6 Qe7 59. Rxf6 Nxf6 60. Qxe6+ Qxe6 61. Rxe6 1-0

[Event "Schleswig Holstein-ch Seniors"]
[Site "Hanerau"]
[Date "2015.03.31"]
[Round "5"]
[White "Haffner, Alexander"]
[Black "Riess, Alexander"]
[Result "1/2-1/2"]
[WhiteElo "2129"]
[BlackElo "2141"]
[PlyCount "122"]
[EventDate "2015.03.28"]
[EventType "swiss"]
[EventRounds "9"]
[EventCountry "GER"]
[SourceTitle "EXT 2018"]
[Source "ChessBase"]
[SourceDate "2017.10.13"]
[SourceVersion "1"]
[SourceVersionDate "2017.10.13"]
[SourceQuality "1"]

1. d4 Nf6 2. Nf3 g6 3. g3 Bg7 4. Bg2 0-0 5. 0-0 d5 6. c4 c6 7. cxd5 cxd5 8. Nc3 Ne4 9. Qb3 Nc6 10. e3 Nxc3 11. bxc3 Na5 12. Qb4 b6 13. Nd2 Ba6 14. Re1 Rc8 15. Ba3 Re8 16. Rac1 Qd7 17. Bf1 Bxf1 18. Kxf1 Nc4 19. Nxc4 Rxc4 20. Qb3 Rec8 21. Kg2 e6 22. h4 h5 23. Bb2 Qc6 24. Qd1 Bf8 25. g4 hxg4 26. Qxg4 Bg7 27. h5 gxh5 28. Qxh5 e5 29. Rh1 Qg6+ 30. Qxg6 fxg6 31. Kf3 Rf8+ 32. Ke2 Rc6 33. Rhg1 b5 34. Ba3 Rf5 35. Bc5 a6 36. a4 bxa4 37. Rb1 g5 38. Rb8+ Kh7 39. Rd8 e4 40. Rh1+ Kg6 41. Rd6+ Rxd6 42. Bxd6 Bf8 43. Bxf8 Rxf8 44. Ra1 Ra8 45. Rxa4 a5 46. Kf1 Kf5 47. Kg2 Kg4 48. c4 dxc4 49. d5 Kf5 50. Rxc4 a4 51. d6 a3 52. d7 Rd8 53. Ra4 Rxd7 54. Rxa3 Rd5 55. Kg3 Rd1 56. Ra5+ Kf6 57. Ra6+ Kf5 58. Ra8 Rb1 59. Rf8+ Kg6 60. Rc8 Kf5 61. Rc5+ Kf6 1/2-1/2

[Event "Kiel op-A 27th"]
[Site "Kiel"]
[Date "2014.08.07"]
[Round "8"]
[White "Haffner, Alexander"]
[Black "Kardoeus, David"]
[Result "1-0"]
[WhiteElo "2126"]
[BlackElo "2003"]
[PlyCount "185"]
[EventDate "2014.08.02"]
[EventType "swiss"]
[EventRounds "9"]
[EventCountry "GER"]
[SourceTitle "CBM 161 Extra"]
[Source "ChessBase"]
[SourceDate "2014.08.29"]
[SourceVersion "1"]
[SourceVersionDate "2014.08.29"]
[SourceQuality "1"]

1. d4 Nf6 2. Nf3 c5 3. d5 b5 4. c4 Bb7 5. Nc3 a6 6. Bg5 b4 7. Bxf6 exf6 8. Ne4 d6 9. Ng3 g6 10. h4 h5 11. e3 Bg7 12. Bd3 0-0 13. Qc2 Nd7 14. 0-0 Ne5 15. Be2 Nxf3+ 16. gxf3 f5 17. Kg2 Bc8 18. Rh1 Qf6 19. Rab1 a5 20. f4 Bd7 21. Nf1 Rfb8 22. Nd2 b3 23. axb3 a4 24. bxa4 Rxa4 25. b3 Ra3 26. Nf3 Qd8 27. Qd3 Qa5 28. Rhc1 Qb4 29. Bd1 Ra2 30. Rc2 Ra3 31. Rcc1 Rba8 32. Bc2 Ra2 33. Kg3 Bb2 34. Rd1 R8a3 35. Ng5 Ba4 36. Qe2 Bd7 37. Nf3 Bf6 38. Ne1 Qa5 39. Qd2 Bc3 40. Qd3 Kg7 41. Nf3 Bf6 42. Rd2 Ba4 43. Bd1 Bd7 44. Rxa2 Rxa2 45. Bc2 Qb4 46. Ng5 Ra7 47. Nf3 Rb7 48. Qd2 Qa3 49. Qc1 Qa2 50. Bd1 Ra7 51. Qc2 Qa5 52. Qd2 Qa3 53. Be2 Rb7 54. Qc2 Qb4 55. Qa2 Ba4 56. Bd1 Bd7 57. Qa6 Rb6 58. Qa7 Rb7 59. Qa2 Qb6 60. Qd2 Qa6 61. Bc2 Qa2 62. Ne1 Ba4 63. Qd1 Bd7 64. Nd3 Qa5 65. Qe1 Qd8 66. Qh1 Bc3 67. Ra1 Bxa1 68. Qxa1+ f6 69. Qa6 Qb6 70. Qa8 Rb8 71. Qa1 Bc8 72. Ne1 Qb4 73. Nf3 Bb7 74. Ng5 Ra8 75. Ne6+ Kf7 76. Qd1 Qb6 77. Bxf5 Ra2 78. Bxg6+ Kxg6 79. Qb1+ f5 80. Qxa2 Bc8 81. Ng5 Bb7 82. Qa4 Qd8 83. Qb5 Bc8 84. Qb8 Qd7 85. Ne6 Qe8 86. Ng5 Qd7 87. b4 cxb4 88. Qxb4 Qc7 89. Qc3 Ba6 90. Qh8 Bxc4 91. Qg8+ Qg7 92. Qe6+ Qf6 93. Qe8+ 1-0

[Event "Kiel op-A 27th"]
[Site "Kiel"]
[Date "2014.08.02"]
[Round "2"]
[White "Haffner, Alexander"]
[Black "Turner, Matthew"]
[Result "0-1"]
[WhiteElo "2126"]
[BlackElo "2483"]
[PlyCount "77"]
[EventDate "2014.08.02"]
[EventType "swiss"]
[EventRounds "9"]
[EventCountry "GER"]
[SourceTitle "CBM 161 Extra"]
[Source "ChessBase"]
[SourceDate "2014.08.29"]
[SourceVersion "1"]
[SourceVersionDate "2014.08.29"]
[SourceQuality "1"]

1. d4 Nf6 2. c4 e6 3. Nf3 b6 4. a3 Ba6 5. Qc2 Bb7 6. Nc3 c5 7. e3 Be7 8. Be2 0-0 9. 0-0 d5 10. cxd5 exd5 11. Rd1 Nbd7 12. Bd3 Rc8 13. Ne5 g6 14. Nxd7 Qxd7 15. Qe2 c4 16. Bc2 b5 17. Bd2 a5 18. Na2 Bd8 19. Rac1 Re8 20. b4 Ra8 21. Qe1 axb4 22. Bxb4 Ng4 23. Qc3 Qc7 24. g3 h5 25. Rf1 h4 26. Bd1 Bc8 27. Bf3 hxg3 28. fxg3 Rxe3 29. Qd2 Bg5 30. Qg2 Rxf3 31. Qxf3 Be3+ 32. Kg2 Bxd4 33. Rce1 Bf5 34. Qxd5 Rd8 35. Qxb5 Ne3+ 36. Rxe3 Bxe3 37. Rxf5 gxf5 38. Qxf5 Qc6+ 39. Kh3 0-1

[Event "Kiel op-A 26th"]
[Site "Kiel"]
[Date "2013.08.01"]
[Round "8"]
[White "Haffner, Alexander"]
[Black "Petri, Alexander"]
[Result "1-0"]
[WhiteElo "2095"]
[BlackElo "2179"]
[PlyCount "71"]
[EventDate "2013.07.27"]
[EventType "swiss"]
[EventRounds "9"]
[EventCountry "GER"]
[SourceTitle "EXT 2018"]
[Source "ChessBase"]
[SourceDate "2017.10.13"]
[SourceVersion "1"]
[SourceVersionDate "2017.10.13"]
[SourceQuality "1"]

1. d4 d5 2. Nf3 Nf6 3. c4 c6 4. cxd5 cxd5 5. Nc3 Nc6 6. Bf4 a6 7. e3 Bg4 8. h3 Bxf3 9. Qxf3 e6 10. Bd3 Nb4 11. Bb1 Be7 12. 0-0 Rc8 13. a3 Nc6 14. Bd3 Na5 15. Rfd1 Nc4 16. Qe2 b5 17. Rac1 0-0 18. Bg5 Nd6 19. Bb1 Nc4 20. Bd3 Ne4 21. Nxe4 Bxg5 22. Nc5 Ra8 23. a4 Be7 24. b3 Na5 25. axb5 axb5 26. Qc2 Bxc5 27. dxc5 Qh4 28. Bxb5 Qb4 29. Ba4 Rab8 30. Rd4 Qa3 31. Rb1 Rfc8 32. b4 Nc4 33. Rd3 Rxb4 34. Rxa3 Nxa3 35. Rxb4 Nxc2 36. Bxc2 1-0

[Event "Kiel op-A 26th"]
[Site "Kiel"]
[Date "2013.07.31"]
[Round "7"]
[White "Haffner, Alexander"]
[Black "Feuerstack, Aljoscha"]
[Result "0-1"]
[WhiteElo "2095"]
[BlackElo "2418"]
[PlyCount "74"]
[EventDate "2013.07.27"]
[EventType "swiss"]
[EventRounds "9"]
[EventCountry "GER"]
[SourceTitle "EXT 2018"]
[Source "ChessBase"]
[SourceDate "2017.10.13"]
[SourceVersion "1"]
[SourceVersionDate "2017.10.13"]
[SourceQuality "1"]

1. d4 Nf6 2. Nf3 c5 3. e3 g6 4. Be2 Bg7 5. 0-0 0-0 6. d5 e6 7. c4 exd5 8. cxd5 d6 9. Nc3 Re8 10. h3 Na6 11. Re1 Bf5 12. Bb5 Re7 13. Nh4 Bc8 14. e4 Nc7 15. Bf1 b5 16. e5 Rxe5 17. Rxe5 dxe5 18. d6 Ne6 19. Nxb5 a6 20. Nc3 Nd4 21. Bg5 Bb7 22. Rc1 h6 23. Be3 Qxd6 24. Na4 Nd7 25. Bc4 Qf6 26. Qg4 Bc6 27. Nc3 Nb6 28. Bd3 Rd8 29. Ne4 Bxe4 30. Bxe4 h5 31. Qg5 Ne2+ 32. Kh2 Nxc1 33. Bxc1 Rd4 34. f3 Qxg5 35. Bxg5 Nc4 36. Be7 f5 37. Bc2 Ne3 0-1

[Event "Kiel op-A 26th"]
[Site "Kiel"]
[Date "2013.07.28"]
[Round "3"]
[White "Pluska, Alexander"]
[Black "Haffner, Alexander"]
[Result "0-1"]
[WhiteElo "1866"]
[BlackElo "2095"]
[PlyCount "46"]
[EventDate "2013.07.27"]
[EventType "swiss"]
[EventRounds "9"]
[EventCountry "GER"]
[SourceTitle "EXT 2018"]
[Source "ChessBase"]
[SourceDate "2017.10.13"]
[SourceVersion "1"]
[SourceVersionDate "2017.10.13"]
[SourceQuality "1"]

1. d4 Nf6 2. c4 g6 3. Nc3 Bg7 4. e4 d6 5. Nf3 0-0 6. Bg5 c5 7. d5 a6 8. Bd3 b5 9. cxb5 axb5 10. Bxb5 Nxe4 11. Nxe4 Qa5+ 12. Nc3 Bxc3+ 13. bxc3 Qxb5 14. Qe2 Qxe2+ 15. Kxe2 f6 16. Bf4 Ba6+ 17. Kd2 Bc4 18. Rhe1 Kf7 19. a4 Bxd5 20. Kd3 e5 21. Bg3 Nc6 22. c4 Be6 23. Reb1 Bf5+ 0-1

[Event "Schleswig Holstein-ch Vormeister"]
[Site "Schleswig Holstein"]
[Date "2013.03.25"]
[Round "3.1"]
[White "Haffner, Alexander"]
[Black "Cerny, Thorsten"]
[Result "1-0"]
[WhiteElo "2133"]
[BlackElo "1987"]
[PlyCount "65"]
[EventDate "2013.03.23"]
[EventType "swiss"]
[EventRounds "5"]
[EventCountry "GER"]
[SourceTitle "EXT 2022"]
[Source "ChessBase"]
[SourceDate "2021.10.06"]
[SourceVersion "1"]
[SourceVersionDate "2021.10.06"]
[SourceQuality "1"]

1. d4 Nf6 2. Nf3 g6 3. c3 Bg7 4. Bg5 h6 5. Bh4 d6 6. Nbd2 c6 7. e4 0-0 8. Be2 Na6 9. 0-0 Nc7 10. Qc2 Ne6 11. Rfe1 Nf4 12. Bf1 g5 13. Bg3 N6h5 14. Bxf4 Nxf4 15. g3 Nh3+ 16. Kg2 e5 17. dxe5 dxe5 18. Ng1 g4 19. Nxh3 gxh3+ 20. Kg1 Bg4 21. Nc4 Qg5 22. Ne3 Rad8 23. Be2 Be6 24. Rad1 h5 25. Rxd8 Rxd8 26. Rd1 Rxd1+ 27. Qxd1 h4 28. Bg4 hxg3 29. hxg3 Bxa2 30. Qd7 Bb1 31. Bf5 Bf8 32. Kh2 Bc5 33. Qe8+ 1-0

[Event "Schleswig Holstein-ch Vormeister"]
[Site "Schleswig Holstein"]
[Date "2013.03.24"]
[Round "2.1"]
[White "Ruiz Hampel, Enrique"]
[Black "Haffner, Alexander"]
[Result "0-1"]
[WhiteElo "2018"]
[BlackElo "2133"]
[PlyCount "60"]
[EventDate "2013.03.23"]
[EventType "swiss"]
[EventRounds "5"]
[EventCountry "GER"]
[SourceTitle "EXT 2022"]
[Source "ChessBase"]
[SourceDate "2021.10.06"]
[SourceVersion "1"]
[SourceVersionDate "2021.10.06"]
[SourceQuality "1"]

1. e4 g6 2. d4 Bg7 3. c4 d6 4. Nc3 Nc6 5. Be3 Nf6 6. f3 0-0 7. Bd3 e5 8. d5 Ne7 9. Nge2 a6 10. b4 Nh5 11. Qd2 f5 12. 0-0 f4 13. Bf2 g5 14. c5 g4 15. cxd6 cxd6 16. Na4 gxf3 17. gxf3 Bh3 18. Nb6 Qe8 19. Kh1 Bxf1 20. Rxf1 Rd8 21. Nc3 Kh8 22. Rg1 Nf6 23. b5 Qh5 24. Qd1 axb5 25. Nxb5 Rg8 26. Nc7 Bh6 27. Re1 Rg3 28. Bxg3 fxg3 29. Qe2 Rg8 30. Rg1 Be3 0-1

[Event "Kiel op 25th"]
[Site "Kiel"]
[Date "2012.07.31"]
[Round "6"]
[White "Haffner, Alexander"]
[Black "Ehmsen, Sander"]
[Result "1-0"]
[WhiteElo "2140"]
[BlackElo "1992"]
[PlyCount "111"]
[EventDate "2012.07.28"]
[EventType "swiss"]
[EventRounds "9"]
[EventCountry "GER"]
[SourceTitle "EXT 2015"]
[Source "ChessBase"]
[SourceDate "2014.11.20"]
[SourceVersion "1"]
[SourceVersionDate "2014.11.20"]
[SourceQuality "1"]

1. d4 Nf6 2. Nf3 e6 3. Bg5 b6 4. Nbd2 Bb7 5. e3 Be7 6. Bd3 0-0 7. 0-0 d5 8. Ne5 Nbd7 9. Qe2 c5 10. c3 Rc8 11. f4 Ne4 12. Bxe7 Qxe7 13. Nxe4 dxe4 14. Ba6 Bxa6 15. Qxa6 Nb8 16. Qa3 f5 17. Rad1 Rfd8 18. Rf2 Kf8 19. Rfd2 cxd4 20. Qxe7+ Kxe7 21. Rxd4 Rxd4 22. exd4 Nd7 23. Kf2 Nxe5 24. fxe5 g5 25. Rc1 h5 26. Ke3 b5 27. a3 h4 28. b3 a5 29. Rc2 Rb8 30. h3 Rc8 31. c4 bxc4 32. bxc4 Rb8 33. d5 Rb3+ 34. Ke2 Rd3 35. d6+ Kd7 36. Rb2 Kc6 37. Rb8 Rxa3 38. Re8 Ra2+ 39. Kf1 Ra1+ 40. Ke2 Ra2+ 41. Ke3 Ra3+ 42. Kd2 Ra2+ 43. Kc1 Rxg2 44. Re7 e3 45. Rc7+ Kb6 46. c5+ Kb5 47. d7 Rg1+ 48. Kc2 e2 49. d8Q Rc1+ 50. Kxc1 e1Q+ 51. Kc2 Qe2+ 52. Qd2 Qxd2+ 53. Kxd2 g4 54. hxg4 fxg4 55. Rh7 h3 56. Rh4 1-0

[Event "Bargteheide op"]
[Site "Bargteheide"]
[Date "2012.05.19"]
[Round "5"]
[White "Haffner, Alexander"]
[Black "Zumsande, Martin"]
[Result "0-1"]
[WhiteElo "2145"]
[BlackElo "2420"]
[PlyCount "74"]
[EventDate "2012.05.17"]
[EventType "swiss"]
[EventRounds "7"]
[EventCountry "GER"]
[SourceTitle "CBM 148 Extra"]
[Source "ChessBase"]
[SourceDate "2012.06.22"]
[SourceVersion "1"]
[SourceVersionDate "2012.06.22"]
[SourceQuality "1"]

1. d4 e6 2. Nf3 d5 3. c4 Nf6 4. cxd5 exd5 5. Bg5 Be7 6. Nc3 c6 7. Qc2 g6 8. e3 Bf5 9. Bd3 Bxd3 10. Qxd3 Nbd7 11. 0-0 0-0 12. Nd2 Re8 13. f3 Nh5 14. Bxe7 Qxe7 15. Rae1 Nf8 16. Nd1 Rad8 17. Nf2 Ne6 18. Ng4 c5 19. dxc5 f5 20. Nf2 Qxc5 21. Nb3 Qb6 22. Kh1 a5 23. g4 Nhg7 24. Rg1 f4 25. Nd1 fxe3 26. Nxe3 a4 27. Nd2 Nf4 28. Qa3 Qd4 29. Ndf1 Nge6 30. Rd1 Qb6 31. Rd2 d4 32. Nf5 gxf5 33. gxf5+ Ng7 34. Ng3 Kh8 35. Qxa4 Qf6 36. Ne4 Qxf5 37. Rxd4 Ne2 0-1

[Event "Bargteheide op"]
[Site "Bargteheide"]
[Date "2012.05.18"]
[Round "4"]
[White "Nedic, Dusan"]
[Black "Haffner, Alexander"]
[Result "1-0"]
[WhiteElo "2284"]
[BlackElo "2145"]
[PlyCount "59"]
[EventDate "2012.05.17"]
[EventType "swiss"]
[EventRounds "7"]
[EventCountry "GER"]
[SourceTitle "CBM 148 Extra"]
[Source "ChessBase"]
[SourceDate "2012.06.22"]
[SourceVersion "1"]
[SourceVersionDate "2012.06.22"]
[SourceQuality "1"]

1. d4 Nf6 2. Nf3 g6 3. c4 Bg7 4. g3 0-0 5. Bg2 c5 6. d5 d6 7. Nc3 e6 8. 0-0 exd5 9. cxd5 a6 10. a4 Re8 11. Nd2 Nbd7 12. Nc4 Ne5 13. Nxe5 Rxe5 14. Bf4 Re8 15. h3 b6 16. Re1 Rb8 17. Rc1 b5 18. axb5 axb5 19. b4 c4 20. e4 Qb6 21. e5 dxe5 22. Bxe5 Rxe5 23. Rxe5 Qd6 24. Re1 Qxb4 25. d6 Bf8 26. Bc6 Bxd6 27. Qd4 Bd7 28. Bxd7 Nxd7 29. Ne4 Ne5 30. Nf6+ 1-0

[Event "Kiel op 22nd"]
[Site "Kiel"]
[Date "2009.08.01"]
[Round "1"]
[White "Neitzel, Mirko"]
[Black "Haffner, Alexander"]
[Result "1-0"]
[WhiteElo "1841"]
[BlackElo "2160"]
[PlyCount "105"]
[EventDate "2009.08.01"]
[EventType "swiss"]
[EventRounds "7"]
[EventCountry "GER"]
[SourceTitle "EXT 2010"]
[Source "ChessBase"]
[SourceDate "2010.11.25"]
[SourceVersion "1"]
[SourceVersionDate "2010.11.25"]
[SourceQuality "1"]

1. c4 c5 2. Nc3 Nf6 3. g3 g6 4. Bg2 Bg7 5. Nf3 0-0 6. 0-0 d5 7. cxd5 Nxd5 8. Nxd5 Qxd5 9. d3 Nc6 10. Be3 Bxb2 11. Rb1 Bg7 12. Nd4 Qd6 13. Nxc6 bxc6 14. Qc2 Be6 15. Bxc5 Qd7 16. Qa4 Rfc8 17. Rfc1 h5 18. Be3 Bd5 19. Bxd5 Qxd5 20. Rc5 Qd6 21. Rbc1 Rab8 22. Rxc6 Rxc6 23. Qxc6 Qxc6 24. Rxc6 a5 25. Ra6 Bc3 26. Bb6 a4 27. Bc5 Bb4 28. Bxb4 Rxb4 29. a3 Rd4 30. f4 h4 31. Kf2 h3 32. Ke3 Rd5 33. Rxa4 Kg7 34. Kf3 f5 35. g4 e5 36. gxf5 gxf5 37. fxe5 Rxe5 38. Rh4 Ra5 39. a4 Kf6 40. Kg3 Kg5 41. Rb4 Ra8 42. Kxh3 Re8 43. e4 fxe4 44. dxe4 Kf4 45. Kg2 Rg8+ 46. Kf2 Rc8 47. Ke2 Rc2+ 48. Kd3 Rxh2 49. Rb5 Ra2 50. Rf5+ Kg4 51. Ra5 Kf4 52. Ra8 Ke5 53. Ra5+ 1-0